000 00785nam a2200229Ia 4500
003 GCL
008 140319s9999 xx 000 0 ara d
040 _aGCL /
_cGCL
082 0 4 _a336
_bع ا
100 1 _aعادل فليح العلى
245 1 0 _aاقتصاديات المالية العامة: الكتاب الثانى الايرادات العامة والموازنة العامة للدولة /
_cعادل فليح العلى
700 1 _aطلال محمود كداوى
260 _a[S.N] :
_bدار الكتب ،
_c1989
300 _a354 ص
490 _a
650 0 4 _aالضرائب
650 0 4 _aالديون العامة
650 0 4 _aالنفقات العامة
650 0 4 _aالميزانية
650 0 4 _aالمالية العامة
942 _2ddc
_cBK
999 _c54703
_d54703